00384nam a2200121 a 450000500170000000800410001704000250005804100080008324501170009126000340020830000100024265000100025220200529131448.0140318b1997 rh ||||| |||| 00| 0 eng d aCO-BoIAVHcCO-BoIAVH aeng aRecommendations on proposals to amend the CITES appendices at the tenth meeting of the conference of the parties aHararebTraffic Networkc1997 a36 p. 0aCITES